Logo BPK

Biblioteka

Politechniki Koszalińskiej

The Earth : (Rekord nr 30369)

Szczegóły MARC
000 -ETYKIETA REKORDU
podpole kontrolne o stałej długości 00609nam a2200217 i 4500
001 - NUMER KONTROLNY REKORDU
pole kontrolne bg
020 ## - MIĘDZYNARODOWY ZNORMALIZOWANY NUMER KSIĄŻKI - ISBN
ISBN 0675206987
040 ## - ŹRÓDŁO KATALOGOWANIA
Instytucja, która utworzyła rekord BPK
041 0# - KOD JĘZYKA
Kod języka tekstu en
080 ## - UNIWERSALNA KLASYFIKACJA DZIESIĘTNA - UKD
UKD 551.1/.4
920 ## - Międzynarodowy znormalizowany numer książki – ISBN
ISBN 0-675-20698-7
008 - POLE O STAŁEJ DŁUGOŚCI - DANE KONTROLNE
podpole kontrolne o stałej długości s pl f |000 0 pol
100 1# - NAZWA OSOBOWA
Nazwa osobowa TARBUCK, Edward J.
245 #4 - TYTUŁ/ODPOWIEDZIALNOŚĆ
Tytuł The Earth :
Ciąg dalszy tytułu an introduction to physical geology /
Pozostałe elementy strefy tytułu i oznaczenia odpowiedzialności Edward J. Tarbuck, Frederick K. Lutgens.
250 ## - STREFA WYDANIA
Oznaczenie wydania 2nd ed.
260 ## - STREFA ADRESU WYDAWNICZEGO
Miejsce wydania Columbus :
Nazwa wydawcy/dystrybutora Bell & Howell,
Data publikacji, dystrybucji/powstania dokumentu 1987.
300 ## - STREFA OPISU FIZYCZNEGO
Objętość XV, 591 s. :
Inne cechy fizyczne fot., mapy, rys. ;
Rozmiary 27 cm.
650 #9 - HASŁO PRZEDMIOTOWE W FORMIE NAZWY OGÓLNEJ LUB JEDNOSTKOWEJ
Nazwa ogólna lub geograficzna Ziemia
Określnik ogólny geologia
700 1# - HASŁO DODATKOWE - NAZWA OSOBOWA
Nazwa osobowa LUTGENS, Frederick K.
856 ## - LOKALIZACJA I DOSTĘP DO ELEKTRONICZNYCH DOKUMENTÓW ZDALNYCH
Link (URL) http://koha.tu.koszalin.pl/cgi-bin/koha/opac-detail.pl?biblionumber=30369
Tekst linku Katalog online BPK
942 ## - DODATKOWE ELEMENTY (KOHA)
Typ dokumentu Książka
Egzemplarze
Wycofany Status egzemplarza Uszkodzony Dostępność Lokalizacja stała Lokalizacja bieżąca Miejsce przechowywania Sygnatura Kod kreskowy Typ dokumentu
      Dostępny Biblioteka Politechniki Koszalińskiej Biblioteka Politechniki Koszalińskiej Wypożyczalnia BG 37069 01303513 Książka
© 2023 Biblioteka Politechniki Koszalińskiej :: KOHA